000 005780000a22002050004500
001 36031
010 _a978-989-660-030-3
100 _a20150413d2013 am y0pory5003 ba
101 0 _apor
102 _aPT
200 1 _aContos da montanha
_fMiguel Torga
205 _a4ยช ed
210 _aAlfragide
_cLeya
_d2013
215 _a173 p.
675 _a087.5-053.6
_vBN
_zpor
675 _a821.134.3-34
_vBN
_zpor
700 1 _945558
_aTorga
_bMiguel
_cpseud.
090 _a36031
942 _cMON
_n0
999 _a36031